| 000 | 01204nam0a22002891 4500 | ||
|---|---|---|---|
| 001 | rc\519642 | ||
| 005 | 20030616165137.6 | ||
| 035 | _a(NLR Aleph) 005758760 | ||
| 090 |
_a4917935 _c4917935 |
||
| 100 | _a20030616d1987 u |0rusy50 ca | ||
| 101 | 0 |
_arus _afre |
|
| 102 | _aRU | ||
| 105 | _aa ||||||||| | ||
| 200 | 1 |
_aРусско-французский медицинский словарь-разговорник _dDictionnaire medical et guide de conversation russe-francais _fВ.И. Петров, В.С. Чупятова, В.П. Кулик |
|
| 210 |
_aМ. _cРус. яз. _d1987 |
||
| 215 |
_a639, [1] с. _cил. _d21 |
||
| 300 | _aНа пер. авт. не указаны | ||
| 320 | _aУказ.: с. 616-640 | ||
| 510 | 0 | _aDictionnaire medical et guide de conversation russe-francais | |
| 700 | 1 |
_aПетров _bВ. И. _cд-р мед. наук, хирургия _f1925-2001 _gВладимир Иванович _3RU\NLR\auth\7725375 |
|
| 701 | 1 |
_aЧупятова _bВ. С. _gВалентина Сергеевна |
|
| 701 | 1 |
_aКулик _bВ. П. _gВерий Павлович |
|
| 801 | 0 |
_aRU _bNLR _gpsbo |
|
| 801 | 1 |
_aRU _bELAR _2rusmarc |
|
| 852 |
_aNLR _bС _jК-2/4046 |
||
| 942 | _cBOOK | ||
| 980 | _aNB | ||